[Event "Titled Tuesday intern op 7th Mar Early"]
[Site "Chess.com INT"]
[Date "2023.03.07"]
[Round "2"]
[White "Bernat, David"]
[Black "Alhadad, Mahmoud"]
[Result "1-0"]
[WhiteElo "1862"]
[BlackElo "1840"]
[PlyCount "59"]
[EventDate "2023.03.07"]
[EventType "swiss (blitz)"]
[EventRounds "11"]
[EventCountry "USA"]
[SourceTitle "EXT 2024"]
[Source "ChessBase"]
[SourceDate "2023.10.10"]
[SourceVersion "1"]
[SourceVersionDate "2023.10.10"]
[SourceQuality "1"]

1. c4 e5 2. Nc3 Nc6 3. g3 f5 4. Bg2 Nf6 5. e3 Bb4 6. Nge2 d6 7. 0-0 Bxc3 8. Nxc3 0-0 9. d4 e4 10. b3 a5 11. a3 b6 12. f3 Qe7 13. fxe4 fxe4 14. Qc2 Re8 15. Bb2 Bb7 16. d5 Nd8 17. Rf4 Nf7 18. Nxe4 Nxe4 19. Bxe4 Ng5 20. Bg2 Qxe3+ 21. Kh1 Rf8 22. Bd4 Qe7 23. Raf1 Rxf4 24. gxf4 Nf7 25. Be4 Qh4 26. Rg1 g6 27. Bxg6 hxg6 28. Qxg6+ Kf8 29. Bf6 Qh6 30. Qg8# 1-0

[Event "Titled Tuesday intern op 28th Feb Late"]
[Site "Chess.com INT"]
[Date "2023.02.28"]
[Round "2"]
[White "Bernat, David"]
[Black "Di Berardino, Diego Rafael"]
[Result "0-1"]
[WhiteElo "1862"]
[BlackElo "2475"]
[PlyCount "74"]
[EventDate "2023.02.28"]
[EventType "swiss (blitz)"]
[EventRounds "11"]
[EventCountry "USA"]
[SourceTitle "CBM 213 Extra"]
[Source "ChessBase"]
[SourceDate "2023.05.31"]
[SourceVersion "1"]
[SourceVersionDate "2023.05.31"]
[SourceQuality "1"]

1. c4 e5 2. Nc3 Nf6 3. g3 d5 4. cxd5 Nxd5 5. Bg2 Nb6 6. d3 Nc6 7. Nf3 Be7 8. Be3 0-0 9. 0-0 Re8 10. Rc1 Bf8 11. d4 Nc4 12. dxe5 Nxe3 13. fxe3 Be6 14. Qa4 Bc5 15. Rcd1 Bxe3+ 16. Kh1 Qe7 17. Qe4 Bb6 18. h4 h6 19. Nd5 Bxd5 20. Rxd5 Rad8 21. Rfd1 Rxd5 22. Rxd5 Rd8 23. Rxd8+ Nxd8 24. Nd4 c6 25. Kh2 Bxd4 26. Qxd4 a6 27. Bh3 h5 28. Qd6 Kf8 29. Bc8 g6 30. a4 a5 31. Qf6 Qxf6 32. exf6 b5 33. axb5 cxb5 34. Bd7 b4 35. b3 Nb7 36. e4 Nc5 37. e5 Nxd7 0-1

[Event "Titled Tuesday intern op 14th Feb Late"]
[Site "Chess.com INT"]
[Date "2023.02.14"]
[Round "1"]
[White "Domingo Nunez, Ruben"]
[Black "Bernat, David"]
[Result "1-0"]
[WhiteElo "2376"]
[BlackElo "1862"]
[PlyCount "25"]
[EventDate "2023.02.14"]
[EventType "swiss (blitz)"]
[EventRounds "11"]
[EventCountry "USA"]
[SourceTitle "CBM 212 Extra"]
[Source "ChessBase"]
[SourceDate "2023.03.31"]
[SourceVersion "1"]
[SourceVersionDate "2023.03.31"]
[SourceQuality "1"]

1. e4 c5 2. d4 cxd4 3. c3 dxc3 4. Nxc3 e6 5. Nf3 a6 6. Bc4 Nc6 7. 0-0 b5 8. Bb3 Bb7 9. a4 b4 10. Nd5 Nge7 11. Bg5 h6 12. Bh4 g5 13. Nf6# 1-0

[Event "Titled Tuesday intern op 07th Feb Early"]
[Site "Chess.com INT"]
[Date "2023.02.07"]
[Round "5"]
[White "Bernat, David"]
[Black "Gurevich, Dmitry"]
[Result "1-0"]
[WhiteElo "1862"]
[BlackElo "2393"]
[PlyCount "139"]
[EventDate "2023.02.07"]
[EventType "swiss (blitz)"]
[EventRounds "11"]
[EventCountry "USA"]
[SourceTitle "EXT 2024"]
[Source "ChessBase"]
[SourceDate "2023.10.10"]
[SourceVersion "1"]
[SourceVersionDate "2023.10.10"]
[SourceQuality "1"]

1. c4 c5 2. g3 g6 3. Bg2 Bg7 4. Nc3 Nc6 5. d3 Nf6 6. e4 d6 7. Nge2 0-0 8. 0-0 Ne8 9. Be3 Nc7 10. d4 cxd4 11. Nxd4 Ne6 12. Nde2 b6 13. e5 Bb7 14. exd6 Qxd6 15. Qxd6 exd6 16. Rfd1 Rad8 17. Rab1 Na5 18. b3 Bxg2 19. Kxg2 Nb7 20. Nb5 a6 21. Nbc3 Nbc5 22. b4 Nd7 23. Rxd6 Ne5 24. Rxd8 Nxd8 25. c5 b5 26. Rd1 Nc4 27. Bd4 Nc6 28. Bxg7 Kxg7 29. Nd4 Nxb4 30. a4 bxa4 31. Nxa4 Rc8 32. Rc1 Ne5 33. f4 Nec6 34. Nb6 Rc7 35. Nb3 a5 36. Rc4 h5 37. Na4 Na6 38. Kf3 Kf6 39. Ke4 Ke6 40. Nd4+ Nxd4 41. Kxd4 Nb4 42. Nb6 Nc6+ 43. Kc3 Kf5 44. h3 f6 45. Nd5 Rc8 46. Ne3+ Ke6 47. Re4+ Kd7 48. Kc4 Rb8 49. Nd5 Rb1 50. Nxf6+ Kc8 51. Kd5 Kc7 52. Kc4 Rb4+ 53. Kd3 Rb3+ 54. Kc2 Rxg3 55. Nd5+ Kd7 56. Nb6+ Kc7 57. Nd5+ Kd7 58. Nb6+ Kc7 59. Re8 Rxh3 60. Rc8+ Kb7 61. Rg8 Ka6 62. Rxg6 Kb5 63. Nd7 Nb4+ 64. Kd2 a4 65. Rb6+ Ka5 66. c6 Rd3+ 67. Ke2 Rc3 68. Rb8 Nxc6 69. Ra8+ Kb4 70. f5 1-0

[Event "Titled Tuesday intern op 07th Feb Late"]
[Site "Chess.com INT"]
[Date "2023.02.07"]
[Round "2"]
[White "Romanchuk, Viktor"]
[Black "Bernat, David"]
[Result "1-0"]
[WhiteElo "2266"]
[BlackElo "1862"]
[PlyCount "103"]
[EventDate "2023.02.07"]
[EventType "swiss (blitz)"]
[EventRounds "11"]
[EventCountry "USA"]
[SourceTitle "EXT 2024"]
[Source "ChessBase"]
[SourceDate "2023.10.10"]
[SourceVersion "1"]
[SourceVersionDate "2023.10.10"]
[SourceQuality "1"]

1. d4 d5 2. c4 e5 3. dxe5 d4 4. Nf3 Nc6 5. Nbd2 Nge7 6. Nb3 Nf5 7. e4 dxe3 8. Qxd8+ Nxd8 9. fxe3 Nc6 10. Bd2 a5 11. Kf2 Be6 12. Bc3 a4 13. Nbd4 Bc5 14. Nxf5 Bxf5 15. Nd4 Bg6 16. Nxc6 bxc6 17. Rd1 0-0 18. Be2 Rad8 19. Rxd8 Rxd8 20. Rd1 Rxd1 21. Bxd1 Bd3 22. Bxa4 Bxc4 23. a3 Bd5 24. Bd4 Bb6 25. b4 Kf8 26. Bc2 h6 27. a4 c5 28. Bxc5+ Bxc5 29. bxc5 Ke7 30. Bf5 g6 31. Bh3 Bc6 32. a5 Bb5 33. Ke1 Kd8 34. Kd2 c6 35. g3 Kc7 36. Kc3 h5 37. Bg2 Kd7 38. Bh3+ Kc7 39. Kd4 g5 40. Bf5 Kb7 41. Kc3 Ka6 42. Kb4 Kb7 43. h4 gxh4 44. gxh4 Kc7 45. Kc3 Kb7 46. e6 fxe6 47. Bxe6 Ka6 48. Kb4 Kb7 49. Bf7 Be2 50. e4 Bg4 51. e5 Be2 52. e6 1-0

[Event "Titled Tuesday intern op 07th Feb Early"]
[Site "Chess.com INT"]
[Date "2023.02.07"]
[Round "4"]
[White "Winkels, Marcel"]
[Black "Bernat, David"]
[Result "0-1"]
[WhiteElo "1957"]
[BlackElo "1862"]
[PlyCount "82"]
[EventDate "2023.02.07"]
[EventType "swiss (blitz)"]
[EventRounds "11"]
[EventCountry "USA"]
[SourceTitle "EXT 2024"]
[Source "ChessBase"]
[SourceDate "2023.10.10"]
[SourceVersion "1"]
[SourceVersionDate "2023.10.10"]
[SourceQuality "1"]

1. e4 c5 2. Nf3 g6 3. d4 cxd4 4. Nxd4 Nc6 5. c4 Nf6 6. Nc3 d6 7. Be3 Ng4 8. Nxc6 bxc6 9. Bf4 Qb6 10. Qd2 Bg7 11. Be2 Qxf2+ 12. Kd1 Qxg2 13. Kc2 Bxc3 14. bxc3 Nf2 15. Bd3 Qf3 16. Rhf1 Qxd3+ 17. Qxd3 Nxd3 18. Kxd3 f5 19. e5 dxe5 20. Bxe5 0-0 21. Rad1 Rd8+ 22. Kc2 Ba6 23. Rf4 Rxd1 24. Kxd1 Rd8+ 25. Rd4 Rxd4+ 26. Bxd4 Bxc4 27. Bxa7 Bxa2 28. Bb8 Kf7 29. Kd2 Ke6 30. Ke3 Kd5 31. Kf4 Bb1 32. h4 h6 33. Bc7 e5+ 34. Ke3 g5 35. hxg5 hxg5 36. Bd8 g4 37. Bg5 f4+ 38. Kf2 g3+ 39. Kf3 Be4+ 40. Ke2 f3+ 41. Kf1 Bd3+ 0-1

[Event "Titled Tuesday intern op 31st Jan Late"]
[Site "Chess.com INT"]
[Date "2023.01.31"]
[Round "3"]
[White "Aarav, Dengla"]
[Black "Bernat, David"]
[Result "1/2-1/2"]
[WhiteElo "2377"]
[BlackElo "1862"]
[PlyCount "150"]
[EventDate "2023.01.31"]
[EventType "swiss (blitz)"]
[EventRounds "11"]
[EventCountry "USA"]
[SourceTitle "CBM 212 Extra"]
[Source "ChessBase"]
[SourceDate "2023.03.31"]
[SourceVersion "1"]
[SourceVersionDate "2023.03.31"]
[SourceQuality "1"]

1. e4 c5 2. Nf3 g6 3. d4 cxd4 4. Nxd4 Nc6 5. c4 Nf6 6. Nc3 d6 7. Be3 Ng4 8. Nxc6 bxc6 9. Qd4 Nxe3 10. Qxe3 Bg7 11. h4 h5 12. Be2 Qb6 13. Qd2 Rb8 14. Nd1 Be6 15. Rc1 Bh6 16. f4 0-0 17. b3 Rfd8 18. Rc3 d5 19. exd5 cxd5 20. c5 Qc7 21. 0-0 d4 22. Rc1 Bf5 23. Nb2 e5 24. Nc4 Bxf4 25. Rxf4 exf4 26. Nd6 Rxd6 27. cxd6 Qxd6 28. Rc4 d3 29. Bf3 Qb6+ 30. Qf2 Qe3 31. Bd1 Re8 32. Rxf4 Qxf2+ 33. Kxf2 Rc8 34. Rd4 Rc1 35. Bf3 Rc2+ 36. Kg3 Rxa2 37. Kf4 a5 38. Kg5 Kg7 39. Rd5 Rb2 40. Rxa5 Rxb3 41. Ra7 Kf8 42. Bd5 Rb5 43. Bf3 Ke8 44. Kf6 Be6 45. Ra8+ Kd7 46. Ra7+ Kd6 47. Ra6+ Kc5 48. Ra1 Rb2 49. Ra5+ Kb4 50. Ra8 d2 51. Rb8+ Kc3 52. Rd8 Rb6 53. Kg7 Bf5 54. Rd5 Re6 55. Rc5+ Kd4 56. Rd5+ Ke3 57. Rd8 Be4 58. Bd1 Re5 59. Kxf7 Rd5 60. Rxd5 Bxd5+ 61. Kxg6 Bxg2 62. Kxh5 Bf3+ 63. Bxf3 Kxf3 64. Kg6 d1Q 65. h5 Qd5 66. h6 Qe6+ 67. Kg7 Qe7+ 68. Kg8 Qe6+ 69. Kg7 Qg4+ 70. Kf7 Kf4 71. h7 Qf5+ 72. Kg7 Kg5 73. h8Q Qg6+ 74. Kf8 Qf6+ 75. Qxf6+ Kxf6 1/2-1/2

[Event "Titled Tuesday intern op 31st Jan Early"]
[Site "Chess.com INT"]
[Date "2023.01.31"]
[Round "4"]
[White "Abdisalimov, Abdimalik"]
[Black "Bernat, David"]
[Result "0-1"]
[WhiteElo "2482"]
[BlackElo "1862"]
[PlyCount "72"]
[EventDate "2023.01.31"]
[EventType "swiss (blitz)"]
[EventRounds "11"]
[EventCountry "USA"]
[SourceTitle "CBM 212 Extra"]
[Source "ChessBase"]
[SourceDate "2023.03.31"]
[SourceVersion "1"]
[SourceVersionDate "2023.03.31"]
[SourceQuality "1"]

1. e4 c5 2. Nf3 g6 3. d4 cxd4 4. Qxd4 Nf6 5. Nc3 Nc6 6. Qa4 d6 7. e5 dxe5 8. Nxe5 Bg7 9. Nxc6 bxc6 10. Be2 0-0 11. 0-0 Qc7 12. Bf4 Qb6 13. Qb3 Be6 14. Na4 Qd4 15. Be3 Bxb3 16. Bxd4 Bxa4 17. b3 Bb5 18. c4 Ba6 19. Rad1 Rfd8 20. Bf3 Bb7 21. Bc5 e5 22. Be7 Rxd1 23. Rxd1 Re8 24. Bxf6 Bxf6 25. Rd7 Bc8 26. Rxa7 e4 27. Be2 Rd8 28. Kf1 Kg7 29. Rc7 Bd7 30. a3 Be5 31. Ra7 Be6 32. a4 Rd2 33. g3 Bh3+ 34. Ke1 Bc3 35. Ra6 c5 36. f3 Rd6+ 0-1

[Event "Titled Tuesday intern op 31st Jan Early"]
[Site "Chess.com INT"]
[Date "2023.01.31"]
[Round "2"]
[White "Bernat, David"]
[Black "Colas, Joshua"]
[Result "0-1"]
[WhiteElo "1862"]
[BlackElo "2294"]
[PlyCount "126"]
[EventDate "2023.01.31"]
[EventType "swiss (blitz)"]
[EventRounds "11"]
[EventCountry "USA"]
[SourceTitle "CBM 212 Extra"]
[Source "ChessBase"]
[SourceDate "2023.03.31"]
[SourceVersion "1"]
[SourceVersionDate "2023.03.31"]
[SourceQuality "1"]

1. c4 e5 2. Nc3 Nc6 3. g3 g6 4. Bg2 Bg7 5. d3 d6 6. e4 f5 7. Nge2 Nf6 8. 0-0 0-0 9. exf5 Bxf5 10. d4 Kh8 11. h3 exd4 12. Nxd4 Nxd4 13. Qxd4 Ne4 14. Qe3 Nxc3 15. bxc3 b6 16. g4 Bd7 17. Qg5 Qxg5 18. Bxg5 Rae8 19. Rac1 Re2 20. Rfe1 Rfxf2 21. Rxe2 Rxe2 22. Bd8 c5 23. Bc7 Be5 24. Bb8 Rxa2 25. Rd1 Bxc3 26. Rxd6 Bd4+ 27. Kf1 Rf2+ 28. Ke1 Rxg2 29. Rxd7 Rc2 30. Bxa7 Rxc4 31. Bxb6 Rc3 32. Rxd4 Rxh3 33. Bxc5 h5 34. g5 Rg3 35. Be7 Re3+ 36. Kf2 Rxe7 37. Rd6 Kg7 38. Kg3 Re4 39. Rd7+ Kf8 40. Rd5 Rg4+ 41. Kf3 Kf7 42. Ra5 Rg1 43. Kf4 Rf1+ 44. Kg3 Rf5 45. Ra7+ Kg8 46. Ra8+ Kg7 47. Ra7+ Kf8 48. Ra8+ Ke7 49. Ra7+ Kd8 50. Kh4 Rf4+ 51. Kh3 Rg4 52. Ra5 Kd7 53. Ra7+ Ke6 54. Ra5 Re4 55. Ra1 Kf5 56. Rg1 Rf4 57. Rg2 Rg4 58. Rxg4 hxg4+ 59. Kh4 g3 60. Kxg3 Kxg5 61. Kf3 Kh4 62. Kg2 Kg4 63. Kf2 Kh3 0-1

[Event "Titled Tuesday intern op 24th Jan Late"]
[Site "Chess.com INT"]
[Date "2023.01.24"]
[Round "1"]
[White "Oro, Faustino"]
[Black "Bernat, David"]
[Result "1-0"]
[WhiteElo "2182"]
[BlackElo "1862"]
[PlyCount "99"]
[EventDate "2023.01.24"]
[EventType "swiss (blitz)"]
[EventRounds "11"]
[EventCountry "USA"]
[SourceTitle "EXT 2024"]
[Source "ChessBase"]
[SourceDate "2023.10.10"]
[SourceVersion "1"]
[SourceVersionDate "2023.10.10"]
[SourceQuality "1"]

1. Nf3 c5 2. g3 Nc6 3. e4 g6 4. Bg2 Bg7 5. 0-0 d6 6. Re1 e5 7. d3 Nge7 8. Nbd2 0-0 9. a4 f5 10. Nc4 f4 11. c3 h6 12. d4 fxg3 13. hxg3 exd4 14. cxd4 Nxd4 15. Nxd4 Bxd4 16. Rf1 Be6 17. Nd2 Qd7 18. Nf3 Bg4 19. Qb3+ Be6 20. Qd3 Bg7 21. Be3 Rad8 22. Rad1 Bg4 23. Qb3+ Kh7 24. Bxc5 Qc6 25. Ba3 Qa6 26. Rfe1 Nc6 27. Qe3 Ne5 28. Nxe5 Bxd1 29. Nxg6 Kxg6 30. Rxd1 Qb6 31. Qe2 Be5 32. Rf1 Rf6 33. Kh2 Rdf8 34. f4 Bd4 35. Bh3 Kh7 36. Bf5+ Kh8 37. Qh5 Qc7 38. Bg4 Qg7 39. Kh3 Be5 40. Rd1 Bxf4 41. gxf4 Rxf4 42. Bxd6 R4f6 43. Bxf8 Qxf8 44. Bf5 Qg7 45. Qg4 Qf8 46. Qf4 Qb4 47. Rd8+ Kg7 48. Qg4+ Kf7 49. Qg8+ Ke7 50. Qe8# 1-0

[Event "Titled Tuesday intern op 03rd Jan Late"]
[Site "Chess.com INT"]
[Date "2023.01.03"]
[Round "1"]
[White "Volkov, Maksim"]
[Black "Bernat, David"]
[Result "1-0"]
[WhiteElo "2350"]
[BlackElo "1862"]
[PlyCount "67"]
[EventDate "2023.01.03"]
[EventType "swiss (blitz)"]
[EventRounds "11"]
[EventCountry "USA"]
[SourceTitle "EXT 2024"]
[Source "ChessBase"]
[SourceDate "2023.10.10"]
[SourceVersion "1"]
[SourceVersionDate "2023.10.10"]
[SourceQuality "1"]

1. d4 Nf6 2. c4 e6 3. g3 d5 4. Nf3 a6 5. Bg2 dxc4 6. 0-0 Be7 7. Nbd2 b5 8. Ne5 Nd5 9. b3 Nc3 10. Qe1 Qxd4 11. Ndf3 Nxe2+ 12. Qxe2 Qxa1 13. Qc2 cxb3 14. Qxb3 Bb7 15. Bb2 Bd5 16. Rxa1 Bxb3 17. axb3 Bf6 18. g4 Nd7 19. g5 Bxe5 20. Nxe5 Rd8 21. Nc6 Ra8 22. h4 0-0 23. Ne7+ Kh8 24. Bxa8 Rxa8 25. Nc6 Nb6 26. Be5 Nd5 27. Kg2 f6 28. gxf6 gxf6 29. Bd4 e5 30. Bb2 Nf4+ 31. Kf3 Re8 32. Rxa6 Nd5 33. Ra5 e4+ 34. Kg4 1-0

[Event "Titled Tuesday intern op 20th Dec Early"]
[Site "Chess.com INT"]
[Date "2022.12.20"]
[Round "7"]
[White "Bernat, David"]
[Black "Aaditya, Dhingra"]
[Result "1-0"]
[WhiteElo "1862"]
[BlackElo "2172"]
[PlyCount "53"]
[EventDate "2022.12.20"]
[EventType "swiss (blitz)"]
[EventRounds "11"]
[EventCountry "USA"]
[SourceTitle "EXT 2024"]
[Source "ChessBase"]
[SourceDate "2023.10.10"]
[SourceVersion "1"]
[SourceVersionDate "2023.10.10"]
[SourceQuality "1"]

1. c4 e6 2. e4 c5 3. Nc3 a6 4. g3 Nc6 5. Bg2 g6 6. Nge2 Bg7 7. 0-0 Nge7 8. d3 0-0 9. Be3 d6 10. d4 cxd4 11. Nxd4 Bd7 12. Rc1 Rc8 13. b3 Qc7 14. Nd5 exd5 15. cxd5 Qb8 16. dxc6 bxc6 17. Qd2 Rfd8 18. Rfd1 c5 19. Ne2 Bc6 20. Bg5 f6 21. Bf4 Qa8 22. Nc3 f5 23. Nd5 Nxd5 24. exd5 Be8 25. Qa5 Bf7 26. Bf1 Bxd5 27. Rxd5 1-0

[Event "Titled Tuesday intern op 20th Dec Early"]
[Site "Chess.com INT"]
[Date "2022.12.20"]
[Round "6"]
[White "Bernat, David"]
[Black "Royal, Shreyas"]
[Result "1-0"]
[WhiteElo "1862"]
[BlackElo "2456"]
[PlyCount "61"]
[EventDate "2022.12.20"]
[EventType "swiss (blitz)"]
[EventRounds "11"]
[EventCountry "USA"]
[SourceTitle "EXT 2024"]
[Source "ChessBase"]
[SourceDate "2023.10.10"]
[SourceVersion "1"]
[SourceVersionDate "2023.10.10"]
[SourceQuality "1"]

1. c4 g6 2. Nc3 Bg7 3. g3 c6 4. Bg2 d5 5. cxd5 Nf6 6. dxc6 Nxc6 7. Nf3 e5 8. d3 0-0 9. 0-0 h6 10. h3 Be6 11. Be3 Nd5 12. Nxd5 Bxd5 13. Nd2 Bxg2 14. Kxg2 f5 15. Qb3+ Rf7 16. f4 Qe7 17. Rae1 exf4 18. Bxf4 g5 19. e4 gxf4 20. exf5 Qg5 21. Ne4 Qxf5 22. Rxf4 Qg6 23. Nd6 Qxd6 24. Qxf7+ Kh7 25. Re6 Qd5+ 26. Kh2 Qxd3 27. Rxh6+ Kxh6 28. Rh4+ Kg5 29. Rg4+ Kh6 30. Qxg7+ Kh5 31. Qg5# 1-0

[Event "Titled Tuesday intern op 20th Dec Early"]
[Site "Chess.com INT"]
[Date "2022.12.20"]
[Round "4"]
[White "Bettalli, Francesco"]
[Black "Bernat, David"]
[Result "0-1"]
[WhiteElo "2217"]
[BlackElo "1862"]
[PlyCount "76"]
[EventDate "2022.12.20"]
[EventType "swiss (blitz)"]
[EventRounds "11"]
[EventCountry "USA"]
[SourceTitle "EXT 2024"]
[Source "ChessBase"]
[SourceDate "2023.10.10"]
[SourceVersion "1"]
[SourceVersionDate "2023.10.10"]
[SourceQuality "1"]

1. d4 d5 2. Nc3 Nf6 3. Bg5 c5 4. e4 dxe4 5. dxc5 Qa5 6. Qd4 Nc6 7. Bb5 Bd7 8. Bxc6 Bxc6 9. Nge2 Rd8 10. Qe3 h6 11. Bxf6 exf6 12. 0-0 Bxc5 13. Qg3 0-0 14. a3 Bd6 15. Qh4 Qg5 16. Qxg5 fxg5 17. Rfe1 f5 18. Rad1 Bc5 19. b4 Bb6 20. b5 Rxd1 21. Rxd1 Be8 22. Nd4 Bh5 23. Rd2 Rd8 24. Nb3 Rxd2 25. Nxd2 Ba5 26. Ndb1 Kf7 27. Nd5 Ke6 28. Ne3 Be2 29. a4 f4 30. Nf1 Bd1 31. Na3 Kd5 32. g3 Bb4 33. Nb1 Bxc2 34. Nbd2 Kd4 35. gxf4 gxf4 36. Kg2 Kd3 37. Nf3 exf3+ 38. Kxf3 Bd6 0-1

[Event "Titled Tuesday intern op 20th Dec Early"]
[Site "Chess.com INT"]
[Date "2022.12.20"]
[Round "5"]
[White "Omelja, Artem"]
[Black "Bernat, David"]
[Result "0-1"]
[WhiteElo "2443"]
[BlackElo "1862"]
[PlyCount "56"]
[EventDate "2022.12.20"]
[EventType "swiss (blitz)"]
[EventRounds "11"]
[EventCountry "USA"]
[SourceTitle "EXT 2024"]
[Source "ChessBase"]
[SourceDate "2023.10.10"]
[SourceVersion "1"]
[SourceVersionDate "2023.10.10"]
[SourceQuality "1"]

1. e4 c5 2. Nf3 g6 3. c3 Bg7 4. d4 cxd4 5. cxd4 d5 6. e5 Bg4 7. Nc3 a6 8. Qb3 Bxf3 9. gxf3 Nc6 10. Be3 e6 11. Qxb7 Nge7 12. Qb3 0-0 13. Be2 Nf5 14. Rd1 Rb8 15. Qa3 Qh4 16. 0-0 Ncxd4 17. f4 Nc2 18. Qc5 d4 19. Bxd4 Ncxd4 20. Rxd4 Nxd4 21. Qxd4 Rfd8 22. Qe3 Bh6 23. Qg3 Qxf4 24. Bf3 Qxg3+ 25. hxg3 Rxb2 26. Ne4 Bg7 27. Nc5 Bxe5 28. Rc1 Rc8 0-1

[Event "Titled Tuesday intern op 13th Dec Late"]
[Site "Chess.com INT"]
[Date "2022.12.13"]
[Round "3"]
[White "Bernat, David"]
[Black "Joubert, Dantelle"]
[Result "1-0"]
[WhiteElo "1862"]
[BlackElo "1566"]
[PlyCount "61"]
[EventDate "2022.12.13"]
[EventType "swiss (blitz)"]
[EventRounds "11"]
[EventCountry "USA"]
[SourceTitle "EXT 2024"]
[Source "ChessBase"]
[SourceDate "2023.10.10"]
[SourceVersion "1"]
[SourceVersionDate "2023.10.10"]
[SourceQuality "1"]

1. c4 c6 2. e4 d5 3. cxd5 cxd5 4. exd5 Nf6 5. Nc3 g6 6. Bc4 Bg7 7. d3 0-0 8. Nf3 Nbd7 9. 0-0 Nb6 10. Qb3 Bd7 11. a4 Nc8 12. Bf4 b6 13. Rfe1 Nd6 14. Bxd6 exd6 15. Ne4 Bf5 16. Qb4 Bg4 17. Nfd2 Ne8 18. a5 Rb8 19. a6 f5 20. Ng3 Bd4 21. h3 Bh5 22. Nxh5 gxh5 23. Nf3 Bg7 24. Bb5 Nf6 25. Re6 Rc8 26. Rxd6 Qe7 27. Re1 Qc7 28. Rc6 Qd8 29. d6 Kh8 30. Rxc8 Qxc8 31. Re7 1-0